[Event "4NCL Division Three West"]
[Site "Warwick, ENG"]
[Date "2023.05.01"]
[Round "11.44"]
[White "Matthews, Adrian M S"]
[Black "Jackson, Gary C"]
[Result "1/2-1/2"]
[WhiteElo "1765"]
[BlackElo "1925"]
[PlyCount "85"]
[EventDate "2023.05.01"]
[WhiteTeam "MK Phoenix 2"]
[BlackTeam "Oxford 2"]

1. e4 c5 2. c3 Nf6 3. e5 Nd5 4. Bc4 Nb6 5. Bb3 Nc6 6. Nf3 e6 7. Qe2 d5 8. d4
Be7 9. O-O O-O 10. Bc2 cxd4 11. Nxd4 Nc4 12. Nxc6 bxc6 13. b3 Nb6 14. f4 f6 15.
Ba3 c5 16. Nd2 fxe5 17. fxe5 g6 18. Qg4 Kg7 19. h4 Qc7 20. Rxf8 Bxf8 21. Nf3
Qf7 22. h5 Be7 23. hxg6 hxg6 24. Ng5 Bxg5 25. Qxg5 Ba6 26. Bxc5 Rc8 27. Bb4 Nd7
28. Re1 Nf8 29. Qg3 Nd7 30. Bb1 Rh8 31. Qf3 Qe8 32. Bd3 Bb7 33. Qg3 a6 34. Rf1
Rh5 35. Bd6 Rh6 36. Rf4 Qd8 37. Qf2 Qe8 38. Qg3 Qh8 39. Qf3 Rh1+ 40. Kf2 Qe8
41. Rg4 Rh6 42. Qg3 Qf7+ 43. Rf4 1/2-1/2

[Event "4NCL Division Three West"]
[Site "Warwick, ENG"]
[Date "2023.05.01"]
[Round "11.45"]
[White "Wedge, David C"]
[Black "Obi, Okwose Marc"]
[Result "0-1"]
[WhiteElo "1887"]
[BlackElo "1772"]
[PlyCount "134"]
[EventDate "2023.05.01"]
[WhiteTeam "Oxford 2"]
[BlackTeam "MK Phoenix 2"]

1. e4 c5 2. Nc3 Nc6 3. g3 g6 4. Bg2 Bg7 5. d3 d6 6. f4 Nf6 7. Nf3 Bg4 8. h3
Bxf3 9. Bxf3 Nd4 10. Bg2 Rb8 11. Be3 O-O 12. O-O b5 13. Qd2 e6 14. g4 Nd7 15.
f5 b4 16. Nd1 exf5 17. exf5 Re8 18. c3 bxc3 19. bxc3 Nb5 20. fxg6 hxg6 21. Bd5
Nf6 22. Bg5 Nc7 23. Bb3 d5 24. Qf2 Qd6 25. Bf4 Qd7 26. Qxc5 Ne6 27. Qf2 Nxf4
28. Qxf4 Qe7 29. Rc1 Rb6 30. c4 Rb4 31. Rc2 a5 32. Rcf2 a4 33. Bc2 dxc4 34. a3
Rb7 35. dxc4 Qxa3 36. Qf3 Qxf3 37. Rxf3 Rc7 38. Ra3 Ra8 39. Nc3 Rcc8 40. Nb5
Ra5 41. Bd3 Nd7 42. Rxf7 Kxf7 43. Nd6+ Kf6 44. Nxc8 Bf8 45. Ra2 Ra8 46. Be4
Rxc8 47. Rxa4 Nc5 48. Ra8 Rxa8 49. Bxa8 g5 50. Kg2 Ke5 51. Kg3 Be7 52. Bd5 Kd4
53. Bg8 Ne4+ 54. Kh2 Nd2 55. Kg2 Ke3 56. Bd5 Kf4 57. Be6 Ne4 58. Bf5 Nf6 59.
Be6 Bb4 60. Bf5 Be1 61. c5 Ke5 62. c6 Kd6 63. Kf1 Bh4 64. Ke2 Nd5 65. Be4 Nc3+
66. Kf3 Nxe4 67. Kxe4 Kxc6 0-1

[Event "4NCL Division Three West"]
[Site "Warwick, ENG"]
[Date "2023.05.01"]
[Round "11.46"]
[White "Cox, Lucian"]
[Black "Neatherway, A Philip"]
[Result "0-1"]
[WhiteElo "1604"]
[BlackElo "1797"]
[PlyCount "108"]
[EventDate "2023.05.01"]
[WhiteTeam "MK Phoenix 2"]
[BlackTeam "Oxford 2"]

1. e4 d5 2. exd5 Qxd5 3. Nc3 Qa5 4. d4 Nf6 5. Bd2 c6 6. Bc4 Bf5 7. Nd5 Qd8 8.
Nxf6+ exf6 9. Nf3 Be7 10. O-O O-O 11. Bf4 Nd7 12. Re1 Nb6 13. Bb3 Nd5 14. Bxd5
cxd5 15. Qe2 Bd6 16. Bxd6 Qxd6 17. Qb5 Bd7 18. Qb3 b6 19. c4 Bc6 20. cxd5 Bxd5
21. Qd3 Rfe8 22. Nd2 Qc6 23. f3 Rac8 24. g3 g6 25. Rac1 Rxe1+ 26. Rxe1 Qc2 27.
Qxc2 Rxc2 28. Ne4 Bxe4 29. fxe4 Rxb2 30. d5 Kf8 31. e5 fxe5 32. Rxe5 Rd2 33.
Kf1 Rxh2 34. Ke1 Rh5 35. Re4 Rxd5 36. Rc4 Rd3 37. g4 Ra3 38. Rc2 b5 39. g5 Kg7
40. Kd1 h6 41. gxh6+ Kxh6 42. Kc1 f5 43. Kb2 Ra4 44. Kb3 f4 45. Rc5 a6 46. Rc8
g5 47. Rh8+ Kg6 48. Rg8+ Kf5 49. a3 f3 50. Rf8+ Kg4 51. Kc2 Rf4 52. Rxf4+ Kxf4
53. Kd2 a5 54. Ke1 b4 0-1

[Event "4NCL Division Three West"]
[Site "Warwick, ENG"]
[Date "2023.05.01"]
[Round "11.51"]
[White "Eden, Tomer"]
[Black "Madden, Paul"]
[Result "1/2-1/2"]
[WhiteElo "2138"]
[BlackElo "2117"]
[PlyCount "38"]
[EventDate "2023.05.01"]
[WhiteTeam "Barnet Knights B"]
[BlackTeam "Ashfield 1"]

1. b3 d5 2. Bb2 Nf6 3. Nf3 g6 4. Bxf6 exf6 5. e3 Bg7 6. c4 dxc4 7. Bxc4 Be6 8.
Qe2 Nd7 9. d4 Bxc4 10. bxc4 c5 11. O-O O-O 12. Nc3 f5 13. Rab1 Re8 14. Qc2 b6
15. Rfd1 Qe7 16. Qa4 a6 17. Nd5 Qd6 18. Qa3 Qc6 19. dxc5 bxc5 1/2-1/2

[Event "4NCL Division Three West"]
[Site "Warwick, ENG"]
[Date "2023.05.01"]
[Round "11.52"]
[White "Coates, David H"]
[Black "Banerjee, Supratit"]
[Result "1-0"]
[WhiteElo "2002"]
[BlackElo "2022"]
[PlyCount "69"]
[EventDate "2023.05.01"]
[WhiteTeam "Ashfield 1"]
[BlackTeam "Barnet Knights B"]

1. d4 d5 2. c4 e6 3. Nc3 Nf6 4. cxd5 exd5 5. Bg5 Be7 6. e3 O-O 7. Bd3 c6 8. Qc2
h6 9. Bh4 Re8 10. Nge2 Ne4 11. Bxe7 Qxe7 12. Bxe4 dxe4 13. Ng3 f5 14. O-O Be6
15. f3 Qg5 16. fxe4 Qxe3+ 17. Kh1 f4 18. Nge2 f3 19. Rxf3 Qg5 20. Raf1 Nd7 21.
Rg3 Qe7 22. Qd2 Kh7 23. d5 cxd5 24. exd5 Bg8 25. Nf4 Ne5 26. Re1 Qf7 27. Ne4
Rf8 28. Ng5+ Kh8 29. Nxf7+ Bxf7 30. Rxe5 g5 31. Qd1 Kh7 32. Rexg5 Rg8 33. Rg7+
Kh8 34. Rxg8+ Kh7 35. R3g7# 1-0

[Event "4NCL Division Three West"]
[Site "Warwick, ENG"]
[Date "2023.05.01"]
[Round "11.53"]
[White "Dasgupta, Avyukt"]
[Black "Mercs, Peter J"]
[Result "0-1"]
[WhiteElo "1980"]
[BlackElo "2030"]
[PlyCount "82"]
[EventDate "2023.05.01"]
[WhiteTeam "Barnet Knights B"]
[BlackTeam "Ashfield 1"]

1. c4 e5 2. Nc3 Nf6 3. b3 Be7 4. Bb2 O-O 5. e3 d6 6. Nge2 c6 7. d4 Nbd7 8. Qc2
Re8 9. g3 Nf8 10. Bg2 Bg4 11. O-O Qc7 12. f4 Bxe2 13. Nxe2 Ng4 14. Qd2 exd4 15.
Nxd4 Bf6 16. e4 Ne6 17. Nxe6 fxe6 18. Bxf6 Nxf6 19. Rad1 Rad8 20. Rfe1 e5 21.
Qe2 d5 22. cxd5 cxd5 23. exd5 exf4 24. Qf3 Rxe1+ 25. Rxe1 fxg3 26. Qxg3 Qxg3
27. hxg3 Kf8 28. Re2 Ne8 29. Kf2 Nd6 30. Re5 Re8 31. Rxe8+ Kxe8 32. Kf3 Ke7 33.
Kf4 Kf6 34. Be4 g5+ 35. Ke3 Nxe4 36. Kxe4 h5 37. d6 h4 38. gxh4 gxh4 39. Kf4
Ke6 40. Kg4 Kxd6 41. Kxh4 Kc5 0-1

[Event "4NCL Division Three West"]
[Site "Warwick, ENG"]
[Date "2023.05.01"]
[Round "11.54"]
[White "Mossong, Hubert"]
[Black "Horan, George"]
[Result "1-0"]
[WhiteElo "2042"]
[BlackElo "2002"]
[PlyCount "109"]
[EventDate "2023.05.01"]
[WhiteTeam "Ashfield 1"]
[BlackTeam "Barnet Knights B"]

1. e4 c5 2. Nc3 Nc6 3. g3 g6 4. Bg2 Bg7 5. d3 Nf6 6. Be3 d6 7. h3 a6 8. Qd2 Rb8
9. Nge2 e5 10. O-O Bd7 11. f4 Qc8 12. Kh2 h6 13. Rf2 g5 14. Raf1 g4 15. h4 Qd8
16. Nd5 Nxd5 17. exd5 Nd4 18. fxe5 Bxe5 19. Bxd4 cxd4 20. Rxf7 Qxh4+ 21. Kg1
Bxg3 22. Nxg3 Qxg3 23. Qxh6 Qe3+ 24. Qxe3+ dxe3 25. Rg7 Kd8 26. Re1 Rc8 27. c4
b5 28. b3 Re8 29. Kf1 Rf8+ 30. Kg1 Re8 31. Be4 Re7 32. Rxe7 Kxe7 33. Rxe3 Kf6
34. Bg2 Bf5 35. Kf2 Kg5 36. Kg3 Rc7 37. Bf1 Rh7 38. Re8 Rh1 39. Rg8+ Kf6 40.
Kg2 Rh3 41. d4 Be4+ 42. Kf2 Rf3+ 43. Ke1 Rxf1+ 44. Kxf1 Bd3+ 45. Ke1 bxc4 46.
Rxg4 cxb3 47. axb3 Bc2 48. Rg3 Be4 49. Kd2 Bxd5 50. Kc3 Bc6 51. Re3 a5 52. Kc4
Kf7 53. Re1 a4 54. bxa4 Bxa4 55. Kd5 1-0

[Event "4NCL Division Three West"]
[Site "Warwick, ENG"]
[Date "2023.05.01"]
[Round "11.55"]
[White "Ethelontis, Alexandros N"]
[Black "Truman, Richard G"]
[Result "1/2-1/2"]
[WhiteElo "2009"]
[BlackElo "2003"]
[PlyCount "105"]
[EventDate "2023.05.01"]
[WhiteTeam "Barnet Knights B"]
[BlackTeam "Ashfield 1"]

1. c4 Nf6 2. g3 g6 3. Bg2 d5 4. cxd5 Nxd5 5. Qb3 c6 6. Nc3 Nb6 7. Nf3 Be6 8.
Qc2 Bg7 9. O-O Na6 10. d4 O-O 11. Rd1 Nb4 12. Qe4 Bf5 13. Qh4 Bc2 14. Rf1 Nc4
15. Bh6 Nd6 16. e4 f6 17. Bxg7 Kxg7 18. d5 c5 19. Rac1 Bd3 20. Rfd1 Ba6 21. Ne1
c4 22. Nf3 Qb6 23. Nd4 Rf7 24. Ne6+ Kg8 25. Bf1 Nd3 26. Bxd3 cxd3 27. b3 Rc8
28. Qf4 Qa5 29. Na4 b6 30. f3 Rc2 31. Rxc2 dxc2 32. Rc1 Bc8 33. Rxc2 Bxe6 34.
dxe6 Rf8 35. Qe3 Qe5 36. Rc7 Qxe6 37. Nc3 Rc8 38. Rxc8+ Qxc8 39. Qd4 Qc5 40.
Qxc5 bxc5 41. Kf2 e5 42. Ke3 c4 43. b4 Kf7 44. a4 Ke6 45. a5 f5 46. b5 Kd7 47.
exf5 gxf5 48. g4 fxg4 49. fxg4 Kc7 50. h4 Nb7 51. Ke4 Nxa5 52. Kxe5 Nb3 53. g5
1/2-1/2

[Event "4NCL Division Three West"]
[Site "Warwick, ENG"]
[Date "2023.05.01"]
[Round "11.56"]
[White "Naylor-Eade, Michael A"]
[Black "Hung, Jake"]
[Result "0-1"]
[WhiteElo "1962"]
[BlackElo "1838"]
[PlyCount "106"]
[EventDate "2023.05.01"]
[WhiteTeam "Ashfield 1"]
[BlackTeam "Barnet Knights B"]

1. e4 c6 2. d4 d5 3. Nc3 a6 4. Nf3 Bg4 5. Be2 Bxf3 6. Bxf3 e6 7. O-O Be7 8. Re1
Nf6 9. Bf4 dxe4 10. Bxe4 Nbd7 11. Bd3 Qb6 12. Ne2 Qxb2 13. Rb1 Qxa2 14. Rxb7
O-O 15. Qd2 Rfc8 16. Reb1 Bf8 17. R1b2 Qa1+ 18. Nc1 Qa3 19. Ra2 Qe7 20. Nb3 Qd8
21. h3 Nd5 22. Bg3 c5 23. dxc5 Nxc5 24. Nxc5 Bxc5 25. Rxa6 Qf6 26. Qa5 Rxa6 27.
Qxa6 Rd8 28. Qa5 Bd4 29. Qb5 g6 30. Rb8 Rxb8 31. Qxb8+ Kg7 32. c4 Nc3 33. c5 e5
34. Qb6 e4 35. Bc4 Qf5 36. Qc7 Nd1 37. Qxf7+ Qxf7 38. Bxf7 Kxf7 39. c6 Ke7 40.
Kf1 Nc3 41. Ke1 Nb5 42. Kd2 Bb6 43. h4 Na7 44. c7 Kd7 45. f3 exf3 46. gxf3 Bxc7
47. Bf2 Nc6 48. Be3 h5 49. Kd3 Ke6 50. Ke4 Bd8 51. Bf2 Ne7 52. Kf4 Nf5 53. Be1
Nxh4 0-1

[Event "4NCL Division Three West"]
[Site "Warwick, ENG"]
[Date "2023.05.01"]
[Round "11.61"]
[White "Hackett, Dave G"]
[Black "Grillage, Andrew"]
[Result "1/2-1/2"]
[WhiteElo "2039"]
[BlackElo "2022"]
[PlyCount "42"]
[EventDate "2023.05.01"]
[WhiteTeam "Brown Jack"]
[BlackTeam "Shropshire & Friends"]

1. e4 d5 2. Nc3 dxe4 3. Nxe4 Bf5 4. Ng3 Bg6 5. Nf3 Nf6 6. Bc4 e6 7. O-O Be7 8.
d4 O-O 9. Ne5 Nbd7 10. Nxg6 hxg6 11. Re1 Nb6 12. Bb3 c5 13. c3 cxd4 14. cxd4
Nbd5 15. Bg5 Rc8 16. h4 Bb4 17. Re2 Qd6 18. Ne4 Qd7 19. Bxf6 Nxf6 20. Nxf6+
gxf6 21. h5 g5 1/2-1/2

[Event "4NCL Division Three West"]
[Site "Warwick, ENG"]
[Date "2023.05.01"]
[Round "11.62"]
[White "Higgie, Charles L"]
[Black "Ogunshola, Ben"]
[Result "0-1"]
[WhiteElo "1936"]
[BlackElo "2104"]
[PlyCount "76"]
[EventDate "2023.05.01"]
[WhiteTeam "Shropshire & Friends"]
[BlackTeam "Brown Jack"]

1. e4 d6 2. d4 g6 3. Nc3 Bg7 4. Be3 a6 5. Qd2 Nd7 6. Bd3 c5 7. Nf3 cxd4 8. Nxd4
Ngf6 9. f3 Ne5 10. Bh6 Nxd3+ 11. cxd3 Bxh6 12. Qxh6 Qb6 13. Nb3 Be6 14. Rc1
Bxb3 15. axb3 Rc8 16. Nd5 Rxc1+ 17. Qxc1 Nxd5 18. Qc8+ Qd8 19. Qxd8+ Kxd8 20.
exd5 Kd7 21. Kd2 Rc8 22. Rc1 Rc5 23. d4 Rxd5 24. Ke3 h5 25. Ke4 e6 26. f4 Rb5
27. Rc3 Rb6 28. g3 Rc6 29. d5 Rxc3 30. bxc3 a5 31. c4 f5+ 32. Kd4 b6 33. dxe6+
Kxe6 34. h3 Ke7 35. Kd5 Kd7 36. h4 Kc7 37. Ke6 Kc6 38. Kf6 d5 0-1

[Event "4NCL Division Three West"]
[Site "Warwick, ENG"]
[Date "2023.05.01"]
[Round "11.63"]
[White "Headlong, Timothy"]
[Black "Bryant, Richard B E"]
[Result "1/2-1/2"]
[WhiteElo "2054"]
[BlackElo "1850"]
[PlyCount "83"]
[EventDate "2023.05.01"]
[WhiteTeam "Brown Jack"]
[BlackTeam "Shropshire & Friends"]

1. Nf3 d5 2. g3 c6 3. Bg2 Nf6 4. O-O Nbd7 5. d3 e5 6. Nbd2 Bd6 7. e4 Bc7 8. Re1
O-O 9. b3 Re8 10. Bb2 d4 11. Rf1 Nf8 12. Nh4 Ne6 13. Qe2 g6 14. Bc1 Nh5 15.
Ndf3 Qf6 16. Bd2 Bd6 17. Rfd1 Nhg7 18. Ne1 Nf4 19. Qf1 Nxg2 20. Qxg2 g5 21.
Nhf3 Ne6 22. Kh1 Kh8 23. c3 c5 24. Rac1 Rg8 25. b4 dxc3 26. Bxc3 cxb4 27. Ba1
g4 28. Nh4 Nd4 29. Nc2 Ne2 30. Rb1 Nc3 31. Bxc3 bxc3 32. Ne3 Be6 33. Nhf5 Bxf5
34. exf5 Rac8 35. Rdc1 c2 36. Rxc2 Rxc2 37. Nxc2 Qxf5 38. Ne3 Qxd3 39. Rd1 Qa6
40. Qd5 Bb8 41. Qxf7 Qg6 42. Qxb7 1/2-1/2

[Event "4NCL Division Three West"]
[Site "Warwick, ENG"]
[Date "2023.05.01"]
[Round "11.64"]
[White "Slegg, Gary"]
[Black "Tomboline, David"]
[Result "1/2-1/2"]
[WhiteElo "1671"]
[BlackElo "1941"]
[PlyCount "34"]
[EventDate "2023.05.01"]
[WhiteTeam "Shropshire & Friends"]
[BlackTeam "Brown Jack"]

1. e4 c6 2. Nc3 d5 3. d4 g6 4. e5 Bg7 5. f4 h5 6. Nf3 Bg4 7. h3 Bxf3 8. Qxf3 e6
9. Be3 Ne7 10. g4 Qb6 11. O-O-O Nd7 12. Be2 hxg4 13. hxg4 O-O-O 14. Rxh8 Rxh8
15. Rh1 Qd8 16. Rh3 Rxh3 17. Qxh3 Qh8 1/2-1/2

[Event "4NCL Division Three West"]
[Site "Warwick, ENG"]
[Date "2023.05.01"]
[Round "11.65"]
[White "Parker, Francis"]
[Black "Sloan, Cecil"]
[Result "1/2-1/2"]
[WhiteElo "1955"]
[BlackElo "1597"]
[PlyCount "52"]
[EventDate "2023.05.01"]
[WhiteTeam "Brown Jack"]
[BlackTeam "Shropshire & Friends"]

1. Nf3 c5 2. g3 Nc6 3. Bg2 g6 4. O-O Bg7 5. c4 Nf6 6. Nc3 O-O 7. d4 cxd4 8.
Nxd4 Qb6 9. Nb3 d6 10. Be3 Qd8 11. h3 Be6 12. c5 d5 13. Nd4 Qd7 14. Nxe6 fxe6
15. Bg5 h6 16. Bc1 Rad8 17. e4 d4 18. Nb5 a6 19. Na3 Qc7 20. Qb3 d3 21. Qxe6+
Kh7 22. Bf4 Qd7 23. Qb3 Nh5 24. Bd2 Bd4 25. Kh2 Bxf2 26. Bf4 Nxf4 1/2-1/2

[Event "4NCL Division Three West"]
[Site "Warwick, ENG"]
[Date "2023.05.01"]
[Round "11.66"]
[White "Madden, Jason"]
[Black "Conterno, Dominique"]
[Result "0-1"]
[WhiteElo "1518"]
[BlackElo "1852"]
[PlyCount "78"]
[EventDate "2023.05.01"]
[WhiteTeam "Shropshire & Friends"]
[BlackTeam "Brown Jack"]

1. e4 d6 2. d4 Nf6 3. Nc3 g6 4. Bg5 Bg7 5. e5 Nfd7 6. exd6 cxd6 7. Nf3 O-O 8.
Qd2 Nf6 9. Bc4 Nc6 10. d5 Nb8 11. Bxf6 Bxf6 12. h3 Qc7 13. Bb3 a6 14. g4 Nd7
15. g5 Ne5 16. Nxe5 Bxe5 17. f4 Bxc3 18. bxc3 b5 19. a4 Bf5 20. Qd4 Rfc8 21.
axb5 axb5 22. Rxa8 Rxa8 23. Kd2 Qc5 24. Qxc5 dxc5 25. c4 b4 26. h4 h6 27. Re1
Kf8 28. c3 Ra3 29. cxb4 cxb4 30. Re3 Ke8 31. d6 e6 32. Bd1 Kd7 33. Rxa3 bxa3
34. Bb3 Kxd6 35. Ba2 Kc5 36. Kc3 Be4 37. Kd2 Kd4 38. c5 Kxc5 39. Kc3 Bd5 0-1

[Event "4NCL Division Three West"]
[Site "Daventry, ENG"]
[Date "2022.10.23"]
[Round "2.11"]
[White "Ogunshola, Ben"]
[Black "Shearsby, Jude"]
[Result "1/2-1/2"]
[WhiteElo "2166"]
[BlackElo "2089"]
[PlyCount "83"]
[EventDate "2022.10.23"]
[WhiteTeam "Brown Jack"]
[BlackTeam "Warwickshire Select 2"]

1. c4 Nf6 2. Nf3 g6 3. g3 Bg7 4. Bg2 O-O 5. Nc3 c5 6. O-O d6 7. a3 Nc6 8. Rb1
Rb8 9. b4 a6 10. b5 axb5 11. Rxb5 Na5 12. d3 Bd7 13. Rb1 Bc6 14. e4 e6 15. Bd2
d5 16. exd5 exd5 17. Ne5 dxc4 18. Nxc6 bxc6 19. Rxb8 Qxb8 20. Qa4 Qb2 21. Nb1
Nb7 22. Qxc6 Nd8 23. Qa6 Ne6 24. Qxc4 Rd8 25. Re1 Qd4 26. Qxd4 Rxd4 27. Bf1 Ra4
28. Rc1 Nd7 29. Be3 Bb2 30. Rc2 Bd4 31. Be2 Kg7 32. Kf1 Nb6 33. Ke1 Ra5 34. Kd2
Nd5 35. Bf3 Nec7 36. Kc1 Nb5 37. Ra2 f5 38. Bxd5 Kf6 39. Bc4 Nc7 40. a4 Ne6 41.
Bxd4+ cxd4 42. Bb3 1/2-1/2

[Event "4NCL Division Three West"]
[Site "Daventry, ENG"]
[Date "2022.10.23"]
[Round "2.12"]
[White "Dicen, Elis Denele"]
[Black "Richmond, Jane"]
[Result "1/2-1/2"]
[WhiteElo "1970"]
[BlackElo "2066"]
[PlyCount "66"]
[EventDate "2022.10.23"]
[WhiteTeam "Warwickshire Select 2"]
[BlackTeam "Brown Jack"]

1. d4 Nf6 2. c4 e6 3. Nc3 Bb4 4. e3 d5 5. Bd2 c5 6. Nf3 Nc6 7. cxd5 exd5 8. Bb5
O-O 9. O-O Bg4 10. Bxc6 bxc6 11. h3 Bxf3 12. Qxf3 Bxc3 13. Bxc3 Ne4 14. dxc5
Nxc3 15. bxc3 Qe7 16. Rac1 Qxc5 17. e4 Rad8 18. exd5 cxd5 19. Rfd1 Rfe8 20. Qd3
h6 21. Rc2 Re6 22. Qd4 Qa5 23. Rcd2 Rc6 24. Rc2 Rc4 25. Qe5 Re4 26. Qg3 Rde8
27. Qd3 R8e5 28. Rcd2 Qc7 29. Qg3 Qc4 30. Kh2 Re2 31. Qf3 R2e4 32. Qd3 Qc7 33.
Qg3 Qc4 1/2-1/2

[Event "4NCL Division Three West"]
[Site "Daventry, ENG"]
[Date "2022.10.23"]
[Round "2.13"]
[White "Parker, Francis"]
[Black "Sandhu, Manvith"]
[Result "0-1"]
[WhiteElo "2003"]
[BlackElo "1932"]
[PlyCount "72"]
[EventDate "2022.10.23"]
[WhiteTeam "Brown Jack"]
[BlackTeam "Warwickshire Select 2"]

1. d4 d5 2. Nc3 Nf6 3. Bg5 e6 4. e3 c5 5. Bd3 Nc6 6. dxc5 Bxc5 7. Qf3 Be7 8.
Nge2 Bd7 9. Qg3 h6 10. Bxf6 Bxf6 11. O-O O-O 12. Rad1 Qb6 13. Kh1 Ne5 14. e4
Nxd3 15. Qxd3 Bc6 16. exd5 Bxd5 17. Nxd5 exd5 18. b3 Rfd8 19. Nf4 d4 20. Rfe1
Qc5 21. Re2 b6 22. Nh3 Re8 23. f4 Rxe2 24. Qxe2 Rc8 25. Rd2 Qa3 26. Nf2 Qxa2
27. h3 Qb2 28. Ne4 Be7 29. Qb5 Rxc2 30. Qe8+ Bf8 31. Nd6 Qb1+ 32. Kh2 Rxd2 33.
f5 Kh7 34. Nxf7 Qxf5 35. Qxf8 Qf4+ 36. Kg1 Rd1# 0-1

[Event "4NCL Division Three West"]
[Site "Daventry, ENG"]
[Date "2022.10.23"]
[Round "2.14"]
[White "Dicen, Imogen"]
[Black "Conterno, Dominique"]
[Result "1-0"]
[WhiteElo "1940"]
[BlackElo "1859"]
[PlyCount "61"]
[EventDate "2022.10.23"]
[WhiteTeam "Warwickshire Select 2"]
[BlackTeam "Brown Jack"]

1. e4 d6 2. f4 Nf6 3. Nc3 g6 4. Nf3 Bg7 5. Be2 O-O 6. O-O c5 7. d3 Nc6 8. h3
Rb8 9. a4 a6 10. Be3 b5 11. axb5 axb5 12. Qd2 b4 13. Nd1 Nd7 14. c3 Na5 15. Qc2
b3 16. Qd2 Qc7 17. f5 c4 18. d4 Bb7 19. Nf2 Nf6 20. fxg6 hxg6 21. Ng5 Ra8 22.
h4 d5 23. e5 Ne4 24. Nfxe4 dxe4 25. h5 Bd5 26. hxg6 fxg6 27. Bg4 Qb6 28. Rxf8+
Rxf8 29. Qe1 Nb7 30. Qh4 Re8 31. Qh7+ 1-0

[Event "4NCL Division Three West"]
[Site "Daventry, ENG"]
[Date "2022.10.23"]
[Round "2.15"]
[White "Homer, Neil S"]
[Black "Chen, Daniel Xingyu"]
[Result "0-1"]
[WhiteElo "1604"]
[BlackElo "1813"]
[PlyCount "38"]
[EventDate "2022.10.23"]
[WhiteTeam "Brown Jack"]
[BlackTeam "Warwickshire Select 2"]

1. e4 c5 2. Nc3 Nc6 3. f4 g6 4. Nf3 Bg7 5. a3 e6 6. b4 b6 7. e5 d6 8. Bb5 Nge7
9. O-O O-O 10. bxc5 dxe5 11. fxe5 bxc5 12. Re1 Nxe5 13. Nxe5 Qd4+ 14. Kf1 Bxe5
15. Qf3 Rb8 16. Re4 Qd6 17. Rxe5 Qxe5 18. Bb2 Rxb5 19. Nd5 Qxd5 0-1

[Event "4NCL Division Three West"]
[Site "Daventry, ENG"]
[Date "2022.10.23"]
[Round "2.16"]
[White "Fellowes, Billy"]
[Black "Fernando, Manel"]
[Result "1-0"]
[WhiteElo "1826"]
[BlackElo "1513"]
[PlyCount "41"]
[EventDate "2022.10.23"]
[WhiteTeam "Warwickshire Select 2"]
[BlackTeam "Brown Jack"]

1. e4 e5 2. Nf3 Nc6 3. Bb5 d6 4. O-O Nf6 5. d4 exd4 6. Nxd4 Bd7 7. Nxc6 bxc6 8.
Bd3 Be7 9. Nc3 O-O 10. Be3 Re8 11. h3 c5 12. f4 Bc6 13. e5 dxe5 14. fxe5 Nd5
15. Bxh7+ Kf8 16. Rxf7+ Kxf7 17. Qh5+ Kf8 18. Bg6 Bd6 19. Qh8+ Ke7 20. Qxg7+
Ke6 21. Qf7+ 1-0

[Event "4NCL Division Three West"]
[Site "Daventry, ENG"]
[Date "2022.10.23"]
[Round "2.21"]
[White "Baker, Chris W"]
[Black "Brackmann, Hendrik"]
[Result "1/2-1/2"]
[WhiteElo "2249"]
[BlackElo "2070"]
[PlyCount "36"]
[EventDate "2022.10.23"]
[WhiteTeam "Warwickshire Select 1"]
[BlackTeam "Oxford 2"]

1. Nf3 Nf6 2. d4 d5 3. c4 e6 4. Nc3 c5 5. e3 Nc6 6. a3 dxc4 7. Bxc4 a6 8. O-O
b5 9. Ba2 Bb7 10. d5 exd5 11. Nxd5 Nxd5 12. Bxd5 Bd6 13. e4 O-O 14. e5 Be7 15.
Re1 Qc7 16. Be4 Rad8 17. Qc2 h6 18. Bf4 Nd4 1/2-1/2

[Event "4NCL Division Three West"]
[Site "Daventry, ENG"]
[Date "2022.10.23"]
[Round "2.22"]
[White "Murawski, Jan"]
[Black "Pitcher, John"]
[Result "0-1"]
[WhiteElo "1999"]
[BlackElo "2201"]
[PlyCount "74"]
[EventDate "2022.10.23"]
[WhiteTeam "Oxford 2"]
[BlackTeam "Warwickshire Select 1"]

1. d4 d5 2. c4 c6 3. Nf3 Nf6 4. Nc3 a6 5. c5 Nbd7 6. Bf4 Nh5 7. Bd2 Nhf6 8. Bf4
Nh5 9. Bd2 g6 10. e4 dxe4 11. Nxe4 Ndf6 12. Nc3 Nd5 13. Bc4 Nhf6 14. Qb3 Bg7
15. O-O O-O 16. Ne5 e6 17. Bg5 Qc7 18. Bh4 b5 19. Bxd5 exd5 20. Rfe1 Be6 21.
Bg3 Qb7 22. a4 Rfe8 23. axb5 axb5 24. Qb4 Nh5 25. Na4 Qa6 26. b3 Nxg3 27. hxg3
bxa4 28. Rxa4 Qc8 29. Qb6 Bxe5 30. dxe5 Rxa4 31. bxa4 Qa8 32. a5 Rb8 33. Qc7
Qb7 34. Qb6 Qc8 35. Qa7 Ra8 36. Qb6 Qa6 37. Qc7 Qxa5 0-1

[Event "4NCL Division Three West"]
[Site "Daventry, ENG"]
[Date "2022.10.23"]
[Round "2.23"]
[White "Thomas, Nicholas"]
[Black "Phan, Stefanus Kf"]
[Result "1-0"]
[WhiteElo "2184"]
[BlackElo "1963"]
[PlyCount "89"]
[EventDate "2022.10.23"]
[WhiteTeam "Warwickshire Select 1"]
[BlackTeam "Oxford 2"]

1. e4 c6 2. d4 d5 3. Nc3 dxe4 4. Nxe4 Bf5 5. Ng3 Bg6 6. h4 h6 7. Nf3 Nd7 8. h5
Bh7 9. Bd3 Bxd3 10. Qxd3 e6 11. Bd2 Ngf6 12. O-O-O Be7 13. Ne4 Nxe4 14. Qxe4
Nf6 15. Qe2 Qd5 16. c4 Qe4 17. Qxe4 Nxe4 18. Be1 Rd8 19. Ne5 Bd6 20. f3 Bxe5
21. dxe5 Nc5 22. Bh4 Rd7 23. Kc2 a5 24. f4 Rg8 25. Bf2 b6 26. Bxc5 bxc5 27.
Rxd7 Kxd7 28. Rh3 g6 29. Rg3 Kc7 30. b3 Kd7 31. Kd3 Kd8 32. Ke3 Ke7 33. Kf2 Kd7
34. hxg6 Rxg6 35. Rd3+ Kc7 36. Rh3 Kd7 37. Kf3 Ke7 38. g4 Kd7 39. f5 exf5 40.
gxf5 Rg5 41. Kf4 Rg2 42. Rxh6 Rxa2 43. Rf6 Ke7 44. Rxc6 Rf2+ 45. Ke4 1-0

[Event "4NCL Division Three West"]
[Site "Daventry, ENG"]
[Date "2022.10.23"]
[Round "2.24"]
[White "Terry, Sean"]
[Black "James, Russell A"]
[Result "0-1"]
[WhiteElo "1953"]
[BlackElo "2111"]
[PlyCount "36"]
[EventDate "2022.10.23"]
[WhiteTeam "Oxford 2"]
[BlackTeam "Warwickshire Select 1"]

1. d4 Nf6 2. Nf3 g6 3. Nc3 d5 4. Bf4 Bg7 5. e3 O-O 6. Nb5 Na6 7. c4 c5 8. Nc3
Be6 9. Ng5 Bf5 10. a3 Rc8 11. Qb3 Nh5 12. Qxb7 Nxf4 13. exf4 cxd4 14. Nxd5 Nc5
15. Qxa7 Re8 16. b4 Nb3 17. Ra2 d3 18. Kd1 Qxd5 0-1

[Event "4NCL Division Three West"]
[Site "Daventry, ENG"]
[Date "2022.10.23"]
[Round "2.25"]
[White "Brooks, Phil J"]
[Black "Pozimski, Szymon"]
[Result "1-0"]
[WhiteElo "2127"]
[BlackElo "1972"]
[PlyCount "47"]
[EventDate "2022.10.23"]
[WhiteTeam "Warwickshire Select 1"]
[BlackTeam "Oxford 2"]

1. d4 d5 2. c4 c6 3. Nc3 Nf6 4. cxd5 cxd5 5. Bf4 Nc6 6. e3 Bf5 7. Qb3 Qd7 8.
Nf3 e6 9. Ne5 Qc8 10. Bb5 Nd7 11. Rc1 Ndxe5 12. Bxe5 f6 13. Bg3 Kf7 14. O-O Be7
15. e4 dxe4 16. d5 exd5 17. Nxd5 Be6 18. Nxe7 Kxe7 19. Qa4 Bd5 20. Rfd1 Rd8 21.
Qa3+ Kf7 22. Bd6 Qe6 23. Rxd5 Rxd6 24. Rxd6 1-0

[Event "4NCL Division Three West"]
[Site "Daventry, ENG"]
[Date "2022.10.23"]
[Round "2.26"]
[White "Stephens, Graeme"]
[Black "Shephard, Chris C W"]
[Result "0-1"]
[WhiteElo "1760"]
[BlackElo "2192"]
[PlyCount "62"]
[EventDate "2022.10.23"]
[WhiteTeam "Oxford 2"]
[BlackTeam "Warwickshire Select 1"]

1. d4 d6 2. e4 g6 3. c4 Bg7 4. Nf3 c6 5. Nc3 Qb6 6. Be2 Bg4 7. d5 Nd7 8. Ng1
Bxe2 9. Ngxe2 Qb4 10. Qb3 a5 11. Be3 Ne5 12. O-O Nxc4 13. Rac1 Nxe3 14. fxe3
Nf6 15. e5 dxe5 16. dxc6 bxc6 17. Na4 Qxb3 18. axb3 Bh6 19. Rxc6 Bxe3+ 20. Kh1
O-O 21. Rc7 Nd5 22. Rc4 Rfb8 23. Rd1 e6 24. Rd3 Rb4 25. h3 Rab8 26. Nac3 Rxb3
27. Re4 Bh6 28. Ra4 Rxb2 29. Rxa5 e4 30. Rd1 Bd2 31. Nxe4 Bxa5 0-1